000 00592nam a2200241 a 4500
001 nice12345678
003 IN_TiNIC
005 20260116012353.0
008 050524s1979 sina grp 000 0 eng
020 _a
_c100
082 0 0 _a305.4095
_bMAN
100 _aMananzan, Mary John
245 _aWomen in Asia Status and Image.
260 _aSingapur
_bChristian Conference India
_c1979
300 _a50p
500 _aincludes index and biblioraphy
505 2 _aIndex
650 _aWomen-Asia
700 1 _aMananzan, Mary John
902 _bSRS
942 _cBK
999 _c6740
_d6740